乗降客数が5万人前後の大手私鉄の駅 - Statistics

General Stats
  • This quiz has been taken 268 times
  • The average score is 16 of 43
Answer Stats
駅名 乗降客数 事業者 % Correct
尼崎 52,501 阪神
62%
西宮 48,200 阪神
60%
甲子園 53,400 阪神
54%
成増 47,199 東武
53%
西新井 54,526 東武
52%
ふじみ野 54,923 東武
50%
十三 52,424 阪急
50%
東武練馬 48,065 東武
49%
聖蹟桜ヶ丘 51,363 京王
47%
高槻市 46,012 阪急
46%
京成津田沼 50,754 京成
44%
金沢文庫 51,120 京急
42%
横須賀中央 50,022 京急
42%
堺東 49,980 南海
42%
せんげん台 45,764 東武
41%
京都河原町 48,950 阪急
40%
千歳船橋 47,665 小田急
40%
向ヶ丘遊園 45,891 小田急
40%
保谷 47,517 西武
39%
鶴ヶ峰 45,320 相鉄
38%
清瀬 51,992 西武
37%
桜新町 50,395 東急
37%
用賀 48,985 東急
37%
小田原 46,299 小田急
37%
上福岡 45,590 東武
37%
南大沢 48,778 京王
35%
小田急相模原 45,726 小田急
35%
池尻大橋 47,659 東急
34%
鶴川 51,717 小田急
33%
祇園四条 48,915 京阪
33%
鷺沼 46,287 東急
33%
王子 46,405 メトロ
32%
獨協大学前 46,419 東武
31%
南砂町 49,803 メトロ
28%
広尾 47,467 メトロ
28%
行徳 45,581 メトロ
28%
六本木一丁目 51,319 メトロ
27%
町屋 50,919 メトロ
27%
月島 52,719 メトロ
26%
流山おおたかの森 50,453 東武
26%
外苑前 52,494 メトロ
25%
水天宮前 51,091 メトロ
24%
築地 46,259 メトロ
21%
No matching quizzes found
Score Distribution
Percent of People with Each Score
Percentile by Number Answered
Your Score History
You have not taken this quiz